| 000 | nam a22 4500 | ||
|---|---|---|---|
| 999 |
_c331770 _d331770 |
||
| 082 | _aBSCS-3 ABD | ||
| 100 | _aAbdullah Amjad | Danish Ahmad | Mashood Rafi | ||
| 245 | _aA tool for the planning and optimization of core communication networks | ||
| 260 |
_aIslamabad _bNUST-SEECS _c2017 |
||
| 300 |
_a33p. _eCD Includes |
||
| 942 | _2ddc | ||